| 000 | 00352nam a2200121Ia 4500 | ||
|---|---|---|---|
| 008 | 160609s9999 xx 000 0 und d | ||
| 100 | _aMarkert John. | ||
| 245 | _aPost-9/11 Cinema: Through A Lens Darkly | ||
| 245 | _cBy:John Markert | ||
| 260 | _c2015 | ||
| 650 | _xINTRODUCTION TO FILM | ||
| 856 | _uhttp://file.ebook777.com/009/PosCinThrALenDar.pdf | ||
| 999 |
_c295612 _d295612 |
||